| 000 | 00532nam a2200169 4500 | ||
|---|---|---|---|
| 001 | 140573 | ||
| 003 | ES-MaACL | ||
| 005 | 20260203063032.0 | ||
| 007 | t| | ||
| 008 | 070214s1966 sp r ||||1| spa d | ||
| 100 | 0 |
_aSebastián Aguilar, Fernando _9105013 |
|
| 245 | 1 | 0 |
_aVida evangélica _b: iniciación doctrinal a la vida consagrada / _cFernando Sebastián Aguilar. |
| 260 |
_aBilbao : _bDescleé de Brouwer, _c1966. |
||
| 300 |
_a225 p. ; _c19 cm. |
||
| 852 |
_aES-MaACL _jC-31930 _bR.70243 |
||
| 999 |
_c140573 _d140573 |
||